header

China and India, 2025 (Record no. 113760)

MARC details
000 -LEADER
fixed length control field 02365nam a2200445 a 4500
082 04 - DEWEY DECIMAL CLASSIFICATION NUMBER
Classification number 338.951054
245 00 - TITLE STATEMENT
Title China and India, 2025
260 ## - PUBLICATION, DISTRIBUTION, ETC. (IMPRINT)
Place of publication Santa Monica, Calif. :
Name of publisher RAND,
Year of publication 2011.
300 ## - PHYSICAL DESCRIPTION
Number of Pages xxiv, 145 p. :
Other physical details ill. (some col.)
500 ## - GENERAL NOTE
General note "Prepared for the Office of the Secretary of Defense. Approved for public release; distribution unlimited."
505 0# - FORMATTED CONTENTS NOTE
Formatted contents note Objectives, background, context -- Population trends in China and India: -- Demographic dividend or demographic drag? -- China-India: a macroeconomic assessment -- Science and technology -- Chinese & Indian defense and defense procurement spending to 2025 -- Conclusions and implications -- Appendix A: Meta-analysis of economic growth in Dhina and India -- Appendix B: Detailed calculations for and additional figures showing the projections in Chapter Four -- Appendix C: Analytic tables.
650 #0 - SUBJECT ADDED ENTRY--TOPICAL TERM
Topical Term Economic development
Topical Term Economic development
Topical Term Technological innovations
Topical Term Technological innovations
700 1# - ADDED ENTRY--PERSONAL NAME
Personal name Wolf, Charles,
856 40 - ELECTRONIC LOCATION AND ACCESS
Uniform Resource Identifier http://site.ebrary.com/lib/rucke/Doc?id=10504850

No items available.

© 2026 Rongo University
Contact us: librarian | system librarian | Rongo university